[Event "email D-109 FICGS"]
[Site "?"]
[Date "2009.??.??"]
[Round "?"]
[White "Morgan, Peter"]
[Black "Sternik, Ryszard"]
[Result "1/2-1/2"]
[WhiteElo "1770"]
[BlackElo "1766"]
[PlyCount "114"]

1. c4 Nf6 2. Nc3 e5 3. Nf3 Nc6 4. g3 d5 5. cxd5 Nxd5 6. d3 (6. Bg2 Nb6 7. O-O
Be7 8. d3 O-O 9. a3 Be6 10. b4 f6 11. Bb2 a5 12. b5 Nd4 (12... Na7 $5 13. Nd2
Rb8 14. Rb1 Qd7 15. a4 c6 16. bxc6 Nxc6 17. Nb5 Bb4 $1 $11 {
Lobron,E-Barejew,E, Monachium 1993}) 13. Nd2 c6 $146 14. bxc6 Nxc6 $13 15. Nb5
$6 a4 $1 16. Rc1 Ra5 $15 17. Nc3 Rf7 18. f4 exf4 19. Rxf4 $6 f5 $1 20. Kh1 $2
Bg5 $17 {Bacrot,E-Topalow,W, Dubai rapid 2002 (0:1-32)}) 6... Be7 7. Bg2 Be6 (
7... Nb6 8. O-O O-O 9. a3 a5 10. Be3 Be6 11. d4 exd4 12. Nxd4 Nxd4 13. Bxd4 c6
14. Na4 Nc4 15. Nc5 Bxc5 16. Bxc5 Re8 17. Bd4 Bd5 18. Bxd5 Qxd5 19. b3 Nd6 20.
a4 Nf5 21. Bb6 Ra6 {
Staniszewski,P-Sznapik,A, Polska ch 40 Piotrkow Tyrunalski 1983 (0:1-32)}) 8.
O-O O-O 9. Bd2 Qd7 (9... f5 10. Qb3 Kh8 11. Nxe5 Nxc3 12. Qxc3 Nd4 13. Rfd1 Bf6
14. f4 c6 15. Be3 Nb5 16. Qc5 Re8 17. Bf2 Nc7 18. a3 Bd5 19. Bxd5 Qxd5 20. Qxd5
cxd5 21. Nf7+ Kg8 22. Nd6 Rf8 23. Nxf5 Bxb2 24. Rab1 Bxa3 25. Rxb7 Rxf5 26.
Rxc7 a5 {Mestel,A-Klauner,T, Marbella 1982 (1:0-66)}) 10. Ne4 (10. a3 a5 11.
Na4 $5 $146 f6 12. Rc1 Rfd8 13. Nc5 Bxc5 14. Rxc5 b6 15. Rc2 $1 a4 $5 16. Qc1
Nd4 17. Nxd4 exd4 18. Rc6 $1 Ra7 19. Bb4 Kh8 20. Qc2 Bh3 $1 21. Bxh3 Qxh3 22.
Re1 $5 Re8 $1 {Speelman,J-Petursson,M, Reykjavik 1988 (remis-34)}) 10... Rad8 (
10... f6 11. Rc1 Rfd8 12. Re1 Rac8 13. a3 Nd4 14. Nxd4 exd4 15. Nc5 Bxc5 16.
Rxc5 b6 17. Rc2 c5 18. Qa1 Ne7 19. b4 c4 20. dxc4 Rxc4 21. Rxc4 Bxc4 22. Bc1 d3
23. exd3 Qxd3 24. a4 Bd5 25. Bxd5+ Nxd5 26. Qa2 Kf8 {
Timman,J-Boskovic, New York op 1974 (1:0-49)}) 11. Rc1 Nf6 12. Nxf6+ $6 {
[%emt 0:00:00]} (12. Nc3 h6 13. Qa4 a6 14. Rfe1 Qd6 15. Nd1 Nd5 $15 {
z minimalna przewaga}) 12... Bxf6 {[%emt 0:00:03]} 13. Qa4 {[%emt 0:00:00]} Nd4
14. Qd1 $6 (14. Qxd7 Nxe2+ 15. Kh1 Rxd7 16. Rce1 e4 17. dxe4 Nd4 18. Nxd4 Bxd4
$15) 14... Bd5 15. Nxd4 Bxg2 16. Kxg2 exd4 17. Re1 Rfe8 $17 18. Qc2 c6 19. Qa4
a6 20. Qc4 Re5 21. Bf4 Rh5 22. h4 Re8 (22... Qg4 {tez z przewaga} 23. e4 dxe3
24. Bc7 Rd4 25. Rxe3 Qd7 26. Qc2 h6 $17) 23. b3 h6 24. e4 dxe3 25. Rxe3 Rxe3
26. Bxe3 Ra5 27. a4 Rd5 28. Rd1 a5 29. Qe4 c5 30. Qf4 Be5 31. Qe4 b6 32. Qf3
Qd8 (32... Rxd3 $4 33. Qa8+ Kh7 34. Qe4+) 33. Qe4 Bc3 34. Bf4 Rd4 35. Qf3 Rb4
36. Rb1 Qd7 37. Rc1 Bd4 38. Rb1 Qe6 39. h5 Bc3 (39... Rxb3 40. Rxb3 Qxb3 41.
Qa8+ Kh7 42. Qe4+ g6 43. hxg6+ fxg6 44. Qb7+ Kg8 45. Qc8+ Kg7 46. Qc7+ $11) 40.
Be3 Kh7 (40... Kh8 41. Qd1 Qd5+ 42. Qf3 Qxd3 43. Rd1 Qe4 44. Qxe4 Rxe4 45. Rd3
Bf6 46. Kf3 Re6 {i nie ma juz tak duzej przewagi}) 41. Kh2 f5 42. Kg1 Qf7 $17
43. Bf4 Qd7 (43... Rxb3 44. Rxb3 Qxb3 45. Bc7 Qe6 46. Kg2 Bd4 {
i znowu nie ma duzej przewagi}) 44. Qe2 Bf6 45. Qf3 Rd4 46. Rd1 {[%emt 0:00:00]
} Qe6 {[%emt 0:00:19]} 47. Be3 Rd8 48. Bd2 Qxb3 49. Qxf5+ Kh8 50. Re1 Qxa4 51.
Bxh6 Qd7 $6 (51... Rf8 52. Bf4 Re8 53. Rb1 Qc6 54. h6 a4 55. Qh5 Bb2 56. hxg7+
Kxg7 57. Qg4+ Kf8 58. Qf5+ Kg8 59. Qg4+ Bg7 $17) (51... Re8 52. Rb1 Qc6 53. Be3
a4 54. Qg6 Re6 55. Qg4 Qe8 $19 {i to ja bylbym 2-gi}) 52. Re6 a4 53. Bf4 Kg8 $6
(53... a3 {tez nie widac wygranej} 54. Rxf6 Qxf5 55. Rxf5 a2 56. Be5 Re8 57.
Bc3 Re1+ 58. Kg2 Rc1 59. Rf8+ Kh7 60. Be5 Re1 $11) 54. Rxf6 gxf6 55. Qxf6 Rf8
56. Qg5+ Qg7 57. Qd5+ Qf7 (57... Rf7 58. Qa8+ Qf8 59. Qxa4 Re7 $11 {caly czas b
yla inicjatywa po stronie czarnych i w koncowce pare drobnych niedokladnosci. 
Wyniki:  1.Porkolab,S  HUN     5    z 6  1298 !!  2.Morgan,P   ENG      4,5   
1770  3.Sternik,R                  4}) 1/2-1/2

[Event "email CL-15-001 MAPEJK (Sternik,R)"]
[Site "?"]
[Date "2009.??.??"]
[Round "?"]
[White "Oswald, Richard CZE"]
[Black "Sternik, Ryszard POL"]
[Result "0-1"]
[WhiteElo "1830"]
[BlackElo "1838"]
[PlyCount "62"]
[EventDate "2003.??.??"]

1. e4 e5 2. Nf3 Nc6 3. Bb5 Bc5 4. O-O Nd4 5. Nxd4 Bxd4 6. c3 Bb6 7. d4 c6 8.
Ba4 (8. Bc4 d6 9. Be3 Nf6 10. Nd2 Ng4 11. h3 Nxe3 12. fxe3 O-O 13. Qb3 Qe7 14.
a4 exd4 15. exd4 d5 16. exd5 Qe3+ 17. Rf2 cxd5 18. Bxd5 Be6 19. Nf3 Bxd5 20.
Qxd5 Rad8 21. Qxb7 Rfe8 22. Ne5 Rxe5 23. Qxf7+ Kh8 24. dxe5 Qxe5 25. a5 Bxf2+
26. Qxf2 Qe7 27. Re1 {1:0 - Polgar,J-Lopez Moli, J Manuel, active 1993}) 8...
d6 9. Nd2 (9. Na3 Nf6 10. Nc4 Bc7 11. Bc2 Be6 12. Ne3 Qe7 13. b3 d5 14. exd5
cxd5 15. a4 exd4 16. cxd4 O-O-O 17. Ba3 Qd7 18. Bd3 Kb8 19. Bb5 Qc8 20. Rc1 h5
21. Be7 a6 {Pikula,D-Jegorow,E, Bled ol 35 2002 (1:0-59)}) 9... exd4 10. Nc4 (
10. cxd4 Bxd4 11. Nc4 Bc5 12. Bf4 Qe7 13. Bb3 Be6 14. Rc1 Nf6 15. Qf3 d5 16.
Nd2 Bb6 17. Bg5 h6 18. Bxf6 gxf6 19. exd5 cxd5 20. Rfe1 Kf8 21. Rcd1 h5 22. h3
Ba5 23. Re2 Rc8 24. Ne4 Rh6 25. Ng3 {
remis - Kowalewskaja,E-Struczkowa,S, Rosja chk 1996}) 10... Bc7 11. Qxd4 b5 $5
(11... Qf6 12. Bb3 Qxd4 13. cxd4 Nf6 14. Bf4 Be6 15. Rfe1 O-O-O $11) 12. Qxg7
$11 {
Fritz 8 pokazuje wyrownanie! a przeciez bialy Hetman nie wyjdzie z tej pulapki!
} Qf6 13. Bh6 Qxh6 14. Qxh8 Kf8 15. Bxb5 cxb5 16. Ne3 d5 (16... Be6 $2 17. Nd5
Bxd5 18. exd5 Bb6 19. a4 bxa4 20. Rxa4 f5 21. g3 $14 {0.63}) 17. e5 Be6 18.
Rad1 f6 19. Nxd5 Bxe5 20. f4 Bd6 21. b4 Rd8 22. Rfe1 Kf7 $15 {0.50} 23. Ne3 Rd7
24. g3 Bf8 25. Rxd7+ {wymuszone} (25. f5 $2 Qxe3+ 26. Rxe3 Rxd1+ 27. Kf2 Bxf5
28. Re8 Rd2+ 29. Ke3 Bh6+ 30. Kf3 Rd3+ 31. Kg2 Kxe8 32. Qxg8+ Ke7 {
i czarne powinny wygrac}) 25... Bxd7 26. Rd1 Bc6 $17 {0.97} 27. Rd8 Qg6 28. f5
Qh6 29. Nf1 a6 30. a3 {[%emt 0:00:00]} Be4 31. Rd7+ {[%emt 0:00:00]} Be7 {
i wreszcie biale uznaly sie za pokonane.  Sternik,R} 0-1

[Event "email CL-9-010 MAPEJK (Sternik,R)"]
[Site "?"]
[Date "2008.??.??"]
[Round "?"]
[White "Pech, Jaroslav CZE"]
[Black "Sternik, Ryszard POL"]
[Result "1/2-1/2"]
[WhiteElo "1913"]
[BlackElo "1813"]
[PlyCount "50"]
[EventDate "2007.02.08"]

1. d4 Nf6 2. c4 g6 3. Nf3 Bg7 4. g3 O-O 5. Bg2 d6 6. O-O Nc6 7. Nc3 e5 8. d5
Ne7 9. e4 Ne8 (9... Nd7 10. Ne1 f5 11. Nd3 Nf6 12. Bg5 fxe4 13. Nxe4 Nf5 14.
Re1 $1 h6 15. Nxf6+ Bxf6 16. Bd2 Kh7 17. Bc3 Bd7 18. c5 $1 b6 $2 19. c6 Be8 20.
f4 $16 exf4 21. Nxf4 Bf7 22. Qd3 Bxc3 23. bxc3 Qg5 24. h4 $1 Qf6 25. Ne6 Bxe6
26. Rxe6 Qg7 27. h5 Ne7 28. Rae1 {1:0 - Karpow,A-Polgar,J, Las Palmas 1994})
10. Ne1 f5 11. Nd3 Nf6 12. f3 h6 (12... fxe4 13. fxe4 Bg4 14. Qe1 Qc8 15. Nf2
Bd7 16. h3 Nh5 17. Kh2 Kh8 18. Bg5 Ng8 19. Qd2 h6 20. Be3 g5 21. Nd3 Ngf6 22.
a4 Qd8 23. c5 Kh7 {Vernersson,P-Nygren,K, Szwecja ch MElit Umea 2003 (1:0-63)})
13. c5 c6 14. Qb3 cxd5 (14... Kh8 15. Rd1 cxd5 16. exd5 e4 17. fxe4 fxe4 18.
Nxe4 Nxe4 19. Bxe4 Bd4+ 20. Kh1 Bg4 21. Bxh6 Nf5 22. Bxf8 Qe8 23. Bg2 Nxg3+ 24.
hxg3 Qxf8 25. Nf4 Qh6+ 26. Bh3 Bxc5 27. Kg2 Bxh3+ 28. Nxh3 Rf8 29. Qc3+ Kg8 30.
Rf1 {1:0 - Andersen,D-Christensen,BG, Copenhagen op 1991}) 15. exd5 b6 (15...
Kh7 16. Rd1 Re8 17. Kh1 Neg8 18. cxd6 Qxd6 19. Be3 $14) 16. c6 Qe8 17. Rd1 Qf7
18. Nf2 a5 19. Bf1 a4 20. Qb4 (20. Nxa4 Nfxd5 21. Bc4 Be6 22. Nc3 Nf4 $15 {0.53
}) 20... Ra5 21. Qxb6 Rc5 22. Qc7 Nfxd5 23. Nxd5 Rxd5 24. Rxd5 Nxd5 25. Qxd6
Be6 {dwie figury bialych nie graja, pion wiecej u nich, mimo to Pech
zaproponowal remis.  Z nim remisuje wiekszosc partii, choc Elo ma zawsze
wyzsze.  1.Sternik   7  z 8  Pech ma 4,5 i 1 zalegla.  http://mapejk.
extremehost.cz - mozna grac bezplatnie i teraz Pech prowadzi turnieje.   W
ICCF i FICGS sa szachownice, tu jest zapis.} 1/2-1/2

[Event "email op-15-002 MAPEJK"]
[Site "?"]
[Date "2006.??.??"]
[Round "?"]
[White "Prcin, Ivo CZE"]
[Black "Sternik, Ryszard POL"]
[Result "0-1"]
[WhiteElo "1800"]
[BlackElo "1800"]
[PlyCount "66"]

1. e4 e5 2. Nf3 Nc6 3. Bb5 f5 4. Nc3 (4. d4 fxe4 5. Nxe5 Nxe5 6. dxe5 c6 7. Nc3
cxb5 8. Nxe4 d5 9. exd6 Nf6 10. Bg5 Qa5+ 11. Bd2 b4 12. Nxf6+ gxf6 13. Bf4 Be6
14. Qe2 Kd7 15. O-O Rg8 16. Rfe1 Re8 17. Bg3 Qd5 18. Rad1 Qc6 19. Qh5 Rg7 20.
Qh4 f5 21. f3 Rg6 22. Qxh7+ Rg7 23. Qh4 a5 {
Sepman,J-Swiridow,A, Kazan 1997 (0:1-32)}) 4... fxe4 (4... Nd4 5. Ba4 Bc5 6. d3
Nf6 7. Nxe5 O-O 8. Be3 d5 9. Qd2 Qd6 10. f4 Qb6 11. Bf2 fxe4 12. dxe4 dxe4 13.
O-O-O Ne6 14. Nc4 Qb4 15. a3 Qxc4 16. Bb3 e3 17. Bxe3 Bxe3 18. Qxe3 Ng4 19. Qg3
Qxf4+ 20. Qxf4 Rxf4 21. Rd8+ Rf8 22. Rxc8 Raxc8 23. Bxe6+ Kh8 24. Bxg4 Rce8 {
Balinow,I-Rodriguez,J, Welt ch U-26 Odessa 1990 (1:0-32)}) 5. Nxe4 d5 6. Nxe5
dxe4 7. Nxc6 Qg5 (7... Qd5 8. c4 Qd6 9. Nxa7+ Bd7 10. Bxd7+ Qxd7 11. Qh5+ g6
12. Qe5+ Kf7 13. Nb5 c6 14. Qd4 Qe7 15. Qxh8 Nf6 16. b3 Rd8 17. Bb2 Bg7 18. Ba3
Qd7 19. Nd6+ Ke6 20. Qxd8 Qxd8 21. Nxb7 Qb6 22. Nc5+ Kf7 23. Na4 Qa5 24. Bb2
Ng4 25. Bc3 Qh5 26. h3 Kg8 27. Bxg7 Kxg7 28. Nb2 Ne5 29. O-O Nf3+ 30. Kh1 Qe5
31. gxf3 Qf5 32. Nd1 Qxh3+ 33. Kg1 exf3 34. Ne3 g5 35. d4 g4 36. Rfd1 h5 37.
Rd2 h4 38. Rf1 Kf6 39. d5 cxd5 40. Nxd5+ Kg5 41. Ne3 g3 42. fxg3 {
1:0 - Salceanu,V-Bologni, corr Anglia-USA 1990}) 8. Qe2 Nf6 9. f4 Qxf4 10. d4
Qh4+ (10... Qd6 11. Ne5+ c6 12. Bc4 Be6 13. c3 Be7 14. O-O O-O 15. Bg5 Rae8 16.
Rae1 Kh8 17. Bb3 c5 18. Bxe6 Qxe6 19. Qb5 Bd6 20. Bxf6 gxf6 21. Nd7 Rg8 22.
Nxf6 Qh3 23. Nxg8 Rxg8 24. Rf2 e3 25. Kf1 Qh6 26. Rf7 Bxh2 27. Qxb7 cxd4 28.
cxd4 Bf4 29. Qe7 Qh1+ 30. Ke2 Qxg2+ 31. Kd3 Qg6+ 32. Ke2 Qh5+ 33. Kd3 Qg6+ 34.
Ke2 Qh5+ {remis - De Firmian,N-Wieweg,J, Rilton Cup op 1993}) 11. g3 Qh3 12.
Ne5+ c6 13. Bc4 Be6 14. Bg5 (14. Bf4 Bd6 15. O-O-O O-O-O 16. Rhf1 Rhf8 17.
Bxe6+ Qxe6 18. c4 Kb8 19. Rf2 c5 20. d5 Qc8 21. Ng4 Nxg4 22. Bxd6+ Rxd6 23.
Rxf8 Qxf8 24. Qxg4 Qf3 25. Qxg7 Qe3+ 26. Kb1 Qe2 27. Qf8+ Kc7 28. Qe7+ Kc8 29.
Qf8+ Rd8 30. Qxc5+ Kb8 31. Qd4 Rc8 {
Solomon,S-Levi,E, Melbourne Masters 1990 (1:0-48)}) 14... O-O-O 15. O-O-O Bd6
16. Qf1 Rhe8 (16... Rhf8 17. Qxh3 Bxh3 18. Nf7 Rd7 19. Nxd6+ Rxd6 20. Rhe1 Re8
21. c3 Nd5 22. Bf1 Bg4 23. Be2 {
remis - Erdoglu,Mert-Welczewa,Maria, Turcja-Bulgaria Chess Summit 2002}) 17.
Qxh3 (17. Bxf6 Qh6+ 18. Rd2 Qxf6 19. Qxf6 gxf6 20. Bxe6+ Rxe6 21. Nf7 Rd7 22.
Nh6 Bc7 23. Nf5 Rd5 24. Rf1 Bb6 25. c3 Kd7 26. g4 Ra5 27. a3 Bc7 28. h3 Rd5 {
Menghi,C-Rhodes,J, David Lodge mem 2000 (1:0-57)}) 17... Bxh3 18. Bxf6 (18. Nf7
Rd7 19. Nxd6+ Rxd6 20. Rhe1 Rd7 {
remis - Wasiukow,E-Iwanow,W, Rosja Zima op 1991}) 18... gxf6 19. Nf7 Rd7 20.
Nxd6+ Rxd6 21. c3 Kc7 22. Bf1 Be6 (22... Bg4 23. Re1 Bf3 24. Rg1 Kb6 25. b4 a5
26. a3 axb4 27. axb4 Ra8 $11) 23. Re1 $6 {
szachista z takim Elo powinien widziec piona pod biciem} (23. b3 Bg4 24. Re1
Bf3 25. Rg1 b5 $11) 23... Bxa2 24. Bg2 e3 $17 25. Bf3 Bf7 26. Re2 Bc4 27. Ree1
a5 28. Be2 Bf7 (28... Bd5 29. Rhf1 b5 30. Bd3 h6 31. Rf4 Rde6 $17) 29. Rhf1 b6
30. Kc2 c5 31. Kd3 cxd4 32. cxd4 Rc6 33. Rf3 Bg6+ {
W tym turnieju nie pogralem sobie - 7,5 z 14} 0-1

[Event "email B-99 FIGCS (Sternik,R)"]
[Site "Bled"]
[Date "2008.??.??"]
[Round "?"]
[White "Ratna, Jean Michel MRT"]
[Black "Sternik, Ryszard POL"]
[Result "1/2-1/2"]
[WhiteElo "1800"]
[BlackElo "1811"]
[PlyCount "70"]
[EventDate "2002.10.26"]

1. e4 c5 2. Nf3 Nc6 3. d4 cxd4 4. Nxd4 Nf6 5. Nc3 e5 6. Ndb5 d6 7. Bg5 a6 8.
Na3 b5 9. Nd5 Be7 10. Bxf6 Bxf6 11. c3 O-O 12. Nc2 Bg5 13. a4 bxa4 14. Rxa4 a5
15. Bc4 (15. Bb5 Bb7 $146 16. Nce3 Bxe3 17. Nxe3 Ne7 18. O-O Rb8 (18... d5 19.
exd5 Nxd5 20. Nxd5 Bxd5 (20... Qxd5 $2 21. Qxd5 Bxd5 22. Re1 $18) 21. c4 (21.
Re1 $5) 21... Bb7 22. Qxd8 Rfxd8 23. Rfa1 Rd2 24. h3 (24. b3 $5) 24... Rxb2 25.
Rxa5 Rxa5 26. Rxa5 Kf8 27. f3 $14) (18... Qb6 19. Qd3 {Kasparow,G}) 19. Qd3 Qb6
20. Bc4 $1 (20. c4 Bc6 $1 21. b4 (21. Re1 Bxb5 22. cxb5 Qxb5 23. Qxd6 Nc6 24.
Nf5 Qxa4 $1) 21... axb4 22. Qxd6 Bxb5 23. Qxb6 Rxb6 24. Rxb4 Bxc4 $11 {
Kasparow,G}) 20... Bc6 21. Ra2 Rfd8 22. b3 $14 {
Kasparow,G-Van Wely,L, Wijk aan Zee 1999 (1:0-44)}) 15... Rb8 16. b3 (16. Ra2
g6 17. O-O Kh8 18. b4 axb4 19. cxb4 Be6 20. b5 Bxd5 $146 (20... Ne7) (20... Na5
) 21. exd5 $1 (21. Bxd5 Ne7 22. Qd3 Qb6 23. Bc4 f5 $132) (21. Qxd5 Ne7 22. Qd3
f5 23. Nb4 fxe4 24. Qxe4 Rf4 $1) 21... Na5 $1 (21... Ne7 22. Nb4 $36) 22. Be2
Ra8 23. Nb4 Nb7 24. Ra6 $1 (24. Nc6 Rxa2 $1 25. Nxd8 Bxd8 $44 {Anand,V}) 24...
Nc5 25. Rc6 Ra4 26. Qb1 $1 Qa5 27. Na6 $1 Ne4 {
Anand,V-Leko,P, San Luis Wch FIDE 2005 (remis-60)}) 16... Kh8 17. Nce3 Bxe3 18.
Nxe3 Ne7 (18... f5 19. exf5 Bxf5 20. Nxf5 Rxf5 21. O-O Ne7 22. Bd3 Rf6 23. Bc2
Qb6 24. Qd3 g6 25. Ra2 Rbf8 26. Bd1 Nf5 27. Bf3 Ne7 28. Bd5 Qc5 29. Bf3 d5 30.
Qe3 Qxe3 31. fxe3 e4 32. Be2 Rxf1+ 33. Bxf1 Nf5 34. Rxa5 Nxe3 {
Aginian,N-Czeluszkina,I, ECU Club 11 Cup w 2006 (remis-62)}) 19. O-O f5 20.
exf5 Bxf5 (20... Nxf5 21. Nxf5 Bxf5 22. Qd2 Qb6 23. Bd5 Bd7 24. Rh4 Rf6 25. g4
Rf4 26. h3 Qd8 27. Rh5 g6 {0:1 - Baumgartl,H-Magari,R, Imperia Italia 1989})
21. Ra2 Bg6 {1:0 - Buczinski,H-Surin,M, corr ol 14 qual GP2 B6 2000} 22. Qd2
Be4 23. Rd1 {no, no, prosze, jak daleko siega teoria i gram z bardzo
egzotycznym szachista z Mauritiusa, ktory tez jest obeznany z teoria. Teraz
pytanie, jak z nim wygrac?} d5 24. Nxd5 Bxd5 25. Bxd5 Nxd5 26. Qxd5 Qxd5 27.
Rxd5 Rxb3 28. g3 $14 {0.63} e4 29. Rdxa5 Rxc3 30. Re2 Rc4 31. Re5 h6 32. R5xe4
Rxe4 33. Rxe4 Kh7 34. h4 Ra8 35. Re6 Ra2 {Fritz 8 oczywiscie pokazuje +/- i
przewage 1.03, ale teoretycznie koncowka remisowa - Krol przed pionem. Remis
na propozycje partnera.  Wyniki:  1-2.Ratna JM  MRT       5  z 6  1800  Hladky,
O  UKR                5        1800  3-4.Kirali,H TUR              4      
1739  Sternik,R                          4       1811} 1/2-1/2

[Event "email TT-080 FICGS (Sternik,R)"]
[Site "?"]
[Date "2009.??.??"]
[Round "?"]
[White "Skwarczylo, Marek POL"]
[Black "Sternik, Ryszard POL"]
[Result "1/2-1/2"]
[WhiteElo "1979"]
[BlackElo "1760"]
[PlyCount "40"]

1. e4 e5 2. Nf3 Nc6 3. Bb5 Nd4 4. Nxd4 exd4 5. d3 {
biale unikaja glownych wariantow obrony Birda, powstajacych po} (5. O-O c6 ({
dzis czesciej grywa sie} 5... Bc5) 6. Bc4 Nf6 7. Re1 d6 {- Ziemacki,J}) 5... c6
6. Bc4 Ne7 (6... Nf6 7. Bg5 Be7 {
Suetin,A  w monografii "Partia Hiszpanska" podaje wariant:} (7... d6 8. O-O Be7
9. c3 dxc3 10. Nxc3 Ng4 11. Bxe7 Qxe7 12. h3 {
i pozycja bialych jest nieco swobodniejsza - Ziemacki,J}) 8. Bxf6 $6 {
biale powinny rozwijac sie welug wyzej przytoczonej rekomendacji Suetina -
Ziemacki,J} Bxf6 9. O-O O-O 10. f4 d6 $11 11. g4 $2 {
a to juz jest awantura antypozycyjna - Ziemacki,J} Be6 12. g5 Be7 13. Nd2 d5 {
standardowymi kontruderzeniami w centrum, czarne przechwytuja inicjatywe -
Ziemacki,J} 14. Bb3 f6 15. gxf6 Bxf6 16. f5 Bf7 17. Qe2 Bg5 18. Nf3 Be3+ 19.
Kh1 Re8 $17 {Labuz,Z-Ziemacki,J, corr 1995 (0:1-33)}) 7. O-O d5 8. Bb3 Be6 (
8... dxe4 9. dxe4 Ng6 10. c3 $1 Bc5 11. Qh5 Qe7 $1 12. Bg5 Qxe4 $2 (12... f6 $1
13. Bf4 Be6 14. Bxe6 Qxe6 15. Qxc5 Nxf4 $11) 13. Nd2 Qg4 14. Rae1+ Kf8 15. Qxg4
Bxg4 16. cxd4 Be7 17. f4 $1 Bf5 18. Bxe7+ Nxe7 19. Rf3 Rd8 20. Rfe3 Rd7 {
Aliechin,A-Grigoriew,N, Moskwa ch 1919 (1:0-36)}) 9. Nd2 g6 10. Nf3 Bg7 11. Ng5
Qd6 (11... Bd7 12. exd5 cxd5 13. Bf4 O-O 14. Re1 a5 15. a3 h6 16. Nf3 Be6 17.
Qd2 g5 18. Be5 Nc6 19. Bxg7 Kxg7 20. Ba4 Qf6 21. Bxc6 bxc6 22. b4 Rfb8 23. Qc1
Bg4 {Lein,A-Karner,H, USSR ch tt 1962 (remis-51)}) 12. Nxe6 fxe6 (12... Qxe6 $6
13. exd5 Qf6 14. dxc6 bxc6 15. Re1 O-O 16. Qg4 $16) 13. Qg4 $14 {0.63} O-O-O (
13... O-O 14. Bg5 a5 15. a4 Rf7 16. Rae1 Re8 $16) 14. Bd2 {slabe} (14. Bf4 Qd7
15. Bg5 h6 16. Bxe7 Qxe7 17. exd5 cxd5 18. Rae1 $14 {
z szansami na nicjatywe - 0.63}) 14... h5 15. Qh4 Rhf8 16. Bg5 Rde8 17. f3 $6 (
17. a4 Ng8 18. a5 dxe4 19. dxe4 Qc5 $14 {0.62}) 17... e5 18. Bxe7 (18. c4 {
dawalo jeszcze mala przewage} dxc4 19. Bxc4 Kb8 20. f4 $14) 18... Qxe7 19. Qxe7
Rxe7 20. exd5 Bh6 {roznobarwne Gonce mowia wszystko. Propozycja remisu wyszla
od partnera.  Wyniki:  1.Parmet,D  USA   5,5  z 6   1961  2.Sternik,R         
4  3.Skwarczylo,M      3,5} 1/2-1/2

[Event "email 0-15 FICGS (Sternik,R)"]
[Site "?"]
[Date "2009.??.??"]
[Round "?"]
[White "Spyros, Lois GRE"]
[Black "Sternik, Ryszard POL"]
[Result "0-1"]
[WhiteElo "1817"]
[BlackElo "1765"]
[PlyCount "68"]

{Turniej "No engines", czyli bez korzystania z pomocy programow. Ten wariant
dokladnie znalem, bo czesto go grywalem i w bezposredniej grze.} 1. e4 c5 2.
Nf3 Nc6 3. d4 cxd4 4. Nxd4 Nf6 5. Nc3 e5 6. Ndb5 d6 7. Bg5 a6 8. Na3 b5 9. Nd5
Be7 10. Bxf6 Bxf6 11. c3 Bg5 12. Nc2 O-O 13. a4 bxa4 14. Rxa4 a5 15. Bc4 Rb8
16. b3 (16. Ra2 Kh8 17. O-O f5 18. exf5 Bxf5 19. Nce3 Bg6 20. f3 Qd7 21. Ng4 $1
Ne7 22. Nf2 Nxd5 23. Bxd5 Be3 24. Kh1 Bxf2 25. Rxf2 Qb5 26. Ra1 e4 27. Re2 exf3
28. Bxf3 $14 {Aleksiejew,E-Radjabow,T, EU Cup 18 Halkidiki 2002 (remis-40)})
16... Kh8 17. O-O f5 18. exf5 Bxf5 19. Qe2 (19. Nce3 Be6 20. Qd3 Qd7 21. Rd1
Bf7 $5 $146 22. Nf1 $1 Bg6 23. Qe2 Bh4 24. Ng3 Bxg3 25. hxg3 Bf7 26. Ra2 Be6
27. Rad2 Bg4 $5 28. f3 Be6 29. Qe3 Qb7 {
Bologan,W-Ziukin,S, Tallin 1998 (1:0-40)}) 19... Bg6 20. Nce3 (20. Bd3 Be8 21.
Ra3 Ne7 22. Be4 Nxd5 23. Bxd5 Qb6 24. b4 axb4 25. Nxb4 Qc5 26. Qa2 Bb5 27. c4
Bxc4 28. Bxc4 Rxb4 29. Ra8 Rbb8 {Polgar,J-Topalow,W, Corus Wijk aan Zee 2003
(remis-33) az do tego miejsca teoria! Ja mialem spisane notatki swoich partii,
a partner?}) 20... e4 $11 21. Ng4 Qc8 22. h3 Qb7 23. Rd1 Bh4 $6 (23... Qd7 24.
Ra2 Qd8 $11) 24. g3 Bg5 $5 25. Nde3 $6 {rewanz} Qc7 26. Rd5 Bxe3 27. Qxe3 Ra8
28. Bf1 $6 (28. Qd2 Rad8 29. Qg5 $11) 28... Rf3 ({lepsze} 28... Ne7 29. Rb5
Rfb8 30. Qd2 Rxb5 31. Bxb5 Qb6 $11) 29. Qd2 h5 30. Ne3 Raf8 31. Nc4 $4 {
przegrywajacy ruch} (31. Bg2 $6 Rxf2 32. Qxf2 Rxf2 33. Kxf2 Ne5 $17) (31. Nd1
Ne5 32. Bg2 h4 33. gxh4 Rxh3 $11) 31... Rxf2 32. Qxf2 $2 (32. Be2 {
tez przegrywa} Qa7 33. Rd4 R8f3) 32... Rxf2 33. Kxf2 Qf7+ 34. Kg1 Qxd5 {
Wyniki:  1.Sternik,R          6 z 6  2.Spyros,L GRE  5  3.Segovia,D CHL 4  Z
pozostalymi wygrywalem szybko - do 16 posun.  Segovia mial 835 Elo! i wygralem
w 18 posun.} 0-1